Liste des hymnes nationaux - Statistiques

Statistiques générales
  • Ce quiz a été pris 7 fois
  • Le résultat moyen est 145 sur 201
Statistiques - réponses
Hint Réponse % Correct
Nkosi Sikelel'iAfrika/ Die Stem Afrique du sud
100%
Das Lied der Deutschen Allemagne
100%
Angola Avante Angola
100%
Aash Al Malik Arabie Saoudite
100%
Himno Nacional Argentino Argentine
100%
Advance Australia Fair Australie
100%
La Brabançonne Belgique
100%
Hino Nacional Brasileiro Brésil
100%
Ô Canada Canada
100%
Yìyǒngjūn Jìnxíngqǔ Chine
100%
Himno Nacional de Colombia Colombie
100%
La Marseillaise France
100%
Guatemala Feliz Guatemala
100%
Amhran na bhFiann Irlande
100%
Fratelli d'Italia Italie
100%
Dievs, Sveti Lativju Lettonie
100%
Denes nad Makedonija Macédoine du nord
100%
Pour l'Afrique et pour toi, Mali Mali
100%
Himno Nacional Mexicano Mexique
100%
Pour l'honneur de la patrie Niger
100%
Nigeria, We Hail Thee Nigeria
100%
God Defen New Zealand | God Save the King Nouvelle-Zélande
100%
A Portuguesa Portugal
100%
Desteapta-te, române ! Roumanie
100%
God Save the King Royaume-Uni
100%
Gossoudarstvennyï gimm Rossïiskoï Federatsii Russie
100%
Nahnu Djundulla Djundulwatan Soudan
100%
Cantique suisse Suisse
100%
God zij met ons Suriname Suriname
100%
Türkmenistan Sen Menin Turkménistan
100%
İstiklâl marşı Turquie
100%
Qassaman Algérie
86%
Mer Hayrenik Arménie
86%
Azerbaycan Respublikasinin Dövlet Himmi Azerbaïdjan
86%
Bahrainouna Bahreïn
86%
My, Bielaroussy Biélorussie
86%
Bolivianos, El Hado Propicio Bolivie
86%
Mila Rodino Bulgarie
86%
Burundi bwacu Burundi
86%
Chant de Ralliement Cameroun
86%
Himno Nacional de Chile Chili
86%
L'Abidjanaise Côte d'Ivoire
86%
Djibouti Djibouti
86%
Ishy Bilady Emirats arabes Unis
86%
Marcha Real Espagne
86%
God Bless Fiji Fidji
86%
La Concorde Gabon
86%
God Bless Our Homeland Ghana Ghana
86%
Hail Grenada Grenade
86%
Esta é a Nossa Patria Bem Amada Guinée-Bissau
86%
Dear Land of Guyana, of Rivers and Plains Guyana
86%
Isten, aldd meg a magyart Hongrie
86%
Forever Marshall Islands Îles Marshall
86%
God Save Our Solomon Islands Îles Salomon
86%
Indonesia Raya Indonésie
86%
Mawtini Irak
86%
Sorud-é Djomhuri-yé Eslami Iran
86%
Lofsöngur Islande
86%
Jamaica, Land We Love Jamaique
86%
Kimi ga yo Japon
86%
Europe Kosovo
86%
Lesōthō fatše la bo ntat'a rōna Lesotho
86%
Oben am jungen Rhein Liechtenstein
86%
Tautiška giesmė Lituanie
86%
L-Innu Malti Malte
86%
Anachid el watani Maroc
86%
Hymne Monégasque Monaco
86%
Namibia, Land of the Brave Namibie
86%
Salve a ti Nicaragua
86%
Ja, vi elsker dette landet Norvège
86%
Oh Uganda Land of Beauty Ouganda
86%
O'zbekiston Respublikasining Davlat Madhiyasi Ouzbékistan
86%
Paraguayos, República o muerte Paraguay
86%
Wilhelmus Van Nassouwe Pays-Bas
86%
Mazurek Dąbrowskiego Pologne
86%
As Salam al Amiri Qatar
86%
Debout Congolais République démocratique du Congo
86%
La Congolaise République du Congo
86%
Rwanda Nziza | Ry Tanindrazanay malala ô Rwanda
86%
Inno Nazionale della Repubblica Saint-Marin
86%
Himno Nacional de El Salvador Salvador
86%
Boze Pravde Serbie
86%
Nad Tatrou sa blyska Slovaquie
86%
Zdravljica Slovénie
86%
South Sudan Oyee Soudan du sud
86%
Du gamla, du fria Suède
86%
La Tchadienne Tchad
86%
Chtche ne vmerla Ukraïny i slava, i volida Ukraine
86%
Orientales, la patria o la tumba Uruguay
86%
Inno e Marcia Pontificale Vatican
86%
Tiến Quân Ca Viêt Nam
86%
Stand and Sing of Zambia, Proud and Free Zambie
86%
Kalibusiswe llizwe leZimbabwe Zimbabwe
86%
El Gran Carlemany Andorre
71%
March On, Bahamaland Bahamas
71%
L'Aube nouvelle Bénin
71%
Aegukka Corée du nord
71%
Aegukga Corée du sud
71%
La Bayamesa Cuba
71%
Der er et yndigt land | Kong Christian stod ved højen mast Danemark
71%
Salve, Oh Patria Equateur
71%
Ertra, Ertra, Ertra Erythrée
71%
Mu isamaa, mu õnn ja rõõm Estonie
71%
Nkulunkulu Mnikati wetibusiso temaSwati Eswatini
71%
Patriots of Micronesia Etats fédérés de Micronésie
71%
The Star-Spangled Banner Etats-Unis
71%
Maamme Finlande
71%
For The Gambia Our Homeland Gambie
71%
Tavisoupleba Géorgie
71%
Ymnos is tin Elefterian Grèce
71%
Caminemos pisando las sendas de nuestra inmensa felicidad | Liberté Guinée équatoriale
71%
As-salam al-malaki al-ourdouni Jordanie
71%
Menıñ Qazaqstanym Kazakhstan
71%
Кыргыз Республикасынын Мамлекеттик Гимни Kirghizistan
71%
Al-Nasheed Al-Watani Koweit
71%
Pheng Xat Lao Laos
71%
Koullouna Lilouatann Lil Oula Lil Alam Liban
71%
Lībiyā Lībiyā Lībiyā Libye
71%
Ons Heemecht Luxembourg
71%
Mlungu dalitsani malawi Malawi
71%
Nachid al-watani Mauritanie
71%
Somos libres, seamoslo siempre Pérou
71%
Saint Vincent Land So Beautiful Saint-Vincent-et-les-Grenadines
71%
Le Lion rouge Sénégal
71%
Majulah Singapura Singapour
71%
Soomaaliyeey toosoo Somalie
71%
Sri Lanka Matha Sri Lanka
71%
Homat el Diyar Syrie
71%
Phleng Chat Thaïlande
71%
Koe Fasi Oe Tui Oe Otu Tonga Tonga
71%
Gloria al bravo pueblo Venezuela
71%
al-Jumhūrīyah al-Muttaḥidah Yémen
71%
Milli Tharana Afghanistan
57%
Hymni i Flamurit Albanie
57%
Fair Antigua, We Salute Thee Antigua-et-Barbuda
57%
Amar Shonar Bangla Bangladesh
57%
In Plenty and In Time of Need Barbade
57%
Druk tsendhen Bhoutan
57%
Intermeco Bosnie-Herzégovine
57%
Nokoreach Cambodge
57%
Cântico da Liberdade Cap-Vert
57%
Ymnos is tin Eleftherian Chypre
57%
Noble patria, tu hermosa bandera Costa Rica
57%
Lijepa naša domovino Croatie
57%
Biladi, Biladi, Biladi Egypte
57%
Wedefit Gesgeshi Woude Enat Ityopya Ethiopie
57%
Tu bandera es un lampo de cielo Honduras
57%
Jana Gana Mana Inde
57%
Hatikvha Israël
57%
Ee Mungu Nguvu Yetu Kenya
57%
Kunan Kiribati Kiribati
57%
All Hail, Liberia Hail Liberia
57%
Negaraku Malaisie
57%
Mère Patrie Maurice
57%
Монгол Улсын төрийн дуулал Mongolie
57%
Nauru Bwiema Nauru
57%
Sayaun Thunga Phool Ka Népal
57%
Nashid as-Salam as-Sultani Oman
57%
Himmo Istmeño Panama
57%
O Arise All You Sons of This Land Papouasie-Nouvelle-Guinée
57%
Oh Land of Beauty Saint-Christophe-et-Niévès
57%
Sons and Daughters of Saint Lucia Sainte-Lucie
57%
The Banner of Freedom Samoa
57%
Independência total Sao Tomé-et-Principe
57%
Koste Seselwa Seychelles
57%
San Min Chu-i Taïwan
57%
Forged from the Love of Liberty Trinité-et-Tobago
57%
Humat Al-Hima Tunisie
57%
Tuvalu mo te Atua Tuvalu
57%
Land of the Free Belize
43%
Allah Peliharakan Sultan Brunei
43%
Ditanyè Burkina Faso
43%
Udzima wa yamasiwa Comores
43%
Gavmii mi ekuverikan matii tibegen kuriime salaam Maldives
43%
Limba noastră Moldavie
43%
Oj, svijetla majska zoro Monténégro
43%
Pátria Amada Mozambique
43%
Qaumi Tarana Pakistan
43%
Lupang Hinirang Philippines
43%
La Renaissance République centrafricaine
43%
High We Exalt Thee, Realm of the Free Sierra Leone
43%
Surudi milli Tadjikistan
43%
Kde domov můj? Tchéquie
43%
Pátria Timor oriental
43%
Salut à toi, pays de nos aïeux Togo
43%
Gba Majay Bma Birmanie
29%
La Dessalinienne Haïti
29%
Quisqueyanos valientes République dominicaine
29%
Mungu ibariki Afrika Tanzanie
29%
Yumi, Yumi, Yumi Vanuatu
29%
Isle of Beauty, Isle of Splendour Dominique
14%
Fida'i Palestine
14%
Land der Berge, Land am Strome Aurtiche
0%
Fatshe leno la rona Botsawana
0%
Te Atua Mou E Îles Cook
0%
Ko e Iki he Lagi Niue
0%
Belau rekid Palos
0%
Aucun quiz correspondant
Distribution des résultats
% des personnes avec chaque résultat
Percentile par nombre de réponses
Votre historique - résultats
Vous n’avez pas pris ce quiz